000 00738cam a22002292 4500
999 _c17475
_d17475
001 0000006198
003 OSt
005 20190223135135.0
008 070925s xx 000 0 eng d
020 _a9966855572 :
040 _aKABU
_cKABU
050 _aLB1027.5
_b.L88 2008 c. 1
100 1 _aLutomia, George A.
245 1 0 _aGuidance and counselling for schools and colleges. /
_cGeorge A. Lutomia & Laban W. Sikolia
260 _aNairobi :
_bUzima Publishing House
_c2008.
300 _axi, 91 p.
650 0 _aEducational counselling.
700 1 _aSikolia, Laban W.
908 _a070925
942 _2lcc
_cBK
_hLB1027.5
_i.L88 2008 c. 1